000
00306nam a22001337a 4500
008
181204b xxu||||| |||| 00| 0 eng d
020
_a
9780256227376
041
_a
eng
080
_2
8th
_a
338
100
_a
53
101
_a
MEN
245
_a
Management Skills and Application
_c
Rue,L.W
942
_2
udc
_c
BK
999
_c
52763
_d
52763